Familias y terapia familiar (Registro nro. 22000)

Detalles MARC
000 -Cabecera
Campo de control interno 00852nam a2200265Ia 4500
005 - Fecha y hora del registro
control field 20260320113333.0
008 - Elementos de Longitud Fija
fixed length control field 260320s9999||||xx |||||||||||||| ||und||
020 ## - ISBN
ISBN 9788497843577
041 ## - Idioma
Codigo Idioma ESP
082 ## - DEWEY y NOTACIÓN INTERNA
Dewey 616.89156
Notación Interna M61F
100 ## - AUTOR
Autor denominación Minuchin, Salvador,
Término de relación autor
245 #0 - TÍTULO DE MATERIAL BIBLIOGRÁFICO
Título Familias y terapia familiar
Título paralelo
246 ## - TÍTULO TRADUCIDO
Título
Título paralelo
Autor
250 ## - EDICIÓN
Edición Segunda edición. Reimpresión
260 ## - CIUDAD, EDITORIAL, AÑO
Ciudad Barcelona :
Nombre de la Editorial Editorial Gedisa,
Año 2017
300 ## - DESCRIPCIÓN
N° Páginas 342 páginas :
Otros detalles
Dimensiones 23 cm.
Material Adicional
440 ## - MENCIÓN DE SERIE
Título de la Serie (Terapia familiar)
Número de Serie
Volumen de Serie
650 ## - TEMAS
Temas Tecnología (Ciencias Aplicadas)
653 ## - DESCRIPTORES
Lenguajes no controlado Terapia familiar; Psicoterapia familiar
654 ## - PROGRAMAS
Programa Dpto. de Psicología
700 ## - OTROS AUTORES
Otros autores
Títulos y otras palabras asociadas con el nombre
856 ## - URL - UBICACIÓN
URI/URL: Enlace exacto del recurso <a href="https://0u20vmuvj-y-https-ebookcentral-proquest-com.itmsp.museknowledge.com/lib/catolicasp/home.action">https://0u20vmuvj-y-https-ebookcentral-proquest-com.itmsp.museknowledge.com/lib/catolicasp/home.action</a>
Nota pública: Versión digital <a href="Véase además: Base de datos ProQuest Ebook Central">Véase además: Base de datos ProQuest Ebook Central</a>
942 ## - ELEMENTOS DE KOHA
Tipo de documento Libro
Nombre del creador Justo Noguera
Código de catalogador Margarita Torres
Esquema de clasificación Dewey Decimal Classification
Suppress in OPAC
Existencias
Codigo completo Registro Colección Copia número Disponibilidad Tipo de préstamo Biblioteca Actual Procedencia (Biblioteca) Ubicacón Fecha Ingreso Tipo de Adquisición Date last seen Total checkouts Price effective from Tipo de Item Estado del Material Fuente de Clasificación Damaged status Withdrawn status
616.89156 M61F 1086569 Universidad Católica San Pablo 1 Disponible Disponible Víctor Andrés Belaunde Víctor Andrés Belaunde Planta baja abierta 08/04/2026 Compra 08/04/2026   08/04/2026 Libro Bueno Dewey Decimal Classification